| 000 | 00626nam a2200241Ia 4500 | ||
|---|---|---|---|
| 001 | 46599 | ||
| 005 | 20240114003758.0 | ||
| 007 | ta | ||
| 008 | 090401s1980 g b000 u 465 u | ||
| 040 | _aCotton College,Assam | ||
| 041 | _a465 | ||
| 082 |
_a591.188 _bSMI |
||
| 100 | _aSmith, A. D. . | ||
| 245 | 0 |
_aCommentaries in the Neurosciences / _cA. D. Smith, et. al.. _hTextual Documents |
|
| 250 | _a1st ed / | ||
| 260 |
_aLondon : _bPergamon Press , _c1980. |
||
| 300 |
_a668p ; _c28 cm. |
||
| 653 | _aChemistry | ||
| 653 | _aT/G-Chemistry | ||
| 942 |
_2ddc _cBK |
||
| 999 |
_c46564 _d46564 |
||